000 02160nam a2200433 c 4500
003 BLK
005 20180420235656.0
008 180411b bul|||||r ||||||| ||bul||
010 _aKNG00184709000
020 _a978-954-9882-99-5
_bиздат.: Анхира
040 _aBLK
041 _aBUL
_cBUL
072 7 _2bullib
_aН33
_xИкономика Н
080 _aИкономическа психология. Икономическо поведение. Физиологични и психологични елементи. Интереси. Икономически дух
_b330.16
_x
_z330.16
080 _aИндивидуална психология. Психология на личността. Индивидуалност. Психология на характера. Характерология. Психологическа типология
_b159.923
_x
_z159.923
080 _aЕтика на бизнеса. Успех
_b174.4
_x
_z174.4
100 1 _aТуист, Лин
_eпърви автор
_9131710
700 1 _aБаркър, Тереза
_eсъавт.
_9340464
700 1 _aТодорова, Ива Нанчева
_eпрев.
_9340445
139 _aТуист, Лин и др.
_bТ 88
245 1 0 _aДушата на парите
_bВъзстановяване на изобилието от духовни ресурси
_cЛин Туист; съавт. Тереза Баркър; прев. Ива Нанчева Тодорова.
257 _aUSA
260 София
_bАнхира
_c2011
_fСофия : Максла
300 _a255 с.
_c22 см
380 _a3
500 _aОриг. загл.: The soul of money / Lynne Twist with Teresa Barker
650 4 _aИкономическо поведение
_9245306
650 4 _aПари - психологични проблеми
_9327622
650 4 _aУспех
_9174913
653 _aпари
653 _aпсихология
653 _aпсихология на личността
659 _aН
852 _aЦб 278038
856 4 _qpdf
_u
856 4 _qpdf
_u
942 _cKNG
_n0
944 _aCR
_c10.11.2015
_kВиолета_Тройчева
944 _aED
_c14.05.2016
_kГеновева_Генчева
999 _c176104
_d176104